[Event "Pan American-ch School U11 12th"]
[Site "Callao"]
[Date "2023.10.19"]
[Round "7"]
[White "Flower Nivin, Cesar Antonio Joaqu"]
[Black "Acosta Vera, Graham Zeth"]
[Result "1/2-1/2"]
[WhiteElo "1148"]
[BlackElo "1045"]
[PlyCount "26"]
[EventDate "2023.10.16"]
[EventType "swiss"]
[EventRounds "9"]
[EventCountry "PER"]
[SourceTitle "CB48_2023"]
[SourceDate "2023.11.29"]
[SourceVersion "1"]
[SourceVersionDate "2023.11.29"]
[SourceQuality "1"]

1. e4 e6 2. d4 d5 3. e5 c5 4. c3 Nc6 5. Nf3 Nge7 6. Bb5 Bd7 7. Bxc6 bxc6 8. 0-0 Ng6 9. Be3 cxd4 10. cxd4 Be7 11. Nc3 0-0 12. Rc1 Rc8 13. Qa4 Qb6 1/2-1/2